000 00479nam a2200181Ia 4500
005 20250423100944.0
008 250422s9999 xx 000 0 und d
020 _a9780367381981
050 _aQA 76.76 .A36/
100 _aAhmed, Ashfaque.
245 0 _aSoftware project management : a process-driven approach.
260 _aBoca Raton
260 _bCRC Press
260 _c2012
300 _a415 p
650 _aComputer software--Development--Management.
942 _cBK
999 _c34851
_d34851